PEYGAMBERİMİZİN HAYATI (Record no. 1098027)

MARC details
000 -LEADER
sabit uzunluktaki kontrol alanı 00253nam a2200097Ia 4500
001 - KONTROL NUMARASI
kontrol alanı 1098027
005 - EN SON İŞLEMİN TARİH VE ZAMANI
kontrol alanı 20250827003103.0
008 - SABİT-UZUNLUKTA VERİ ÖĞELERİ--GENEL BİLGİ
sabit uzunluktaki kontrol alanı 250824s9999 xx 000 0 und d
245 #0 - ESER / YAZAR
ESER ADI PEYGAMBERİMİZİN HAYATI
Yazar Adı ABDÜLHAMİD CÜDE es SAHHAR
260 ## - YAYIN, DAĞITIM, VB.
YAYIN EVİ AGD
Holdings
Düşüm durumu Kayıp durumu Hasar Durumu Ödünç verilmez Ana kütüphane Geçerli Kütüphane Edinilen tarih Toplam ödünç verme sayısı Barkod Son görüntüleme tarihi Son ödünç verme tarihi Fiyatın geçerli olmaya başladığı tarih Koha materyal türü
        NENE HATUN İMAM HATİP ORTAOKULU NENE HATUN İMAM HATİP ORTAOKULU 24.08.2025 1 10254663 13.04.2026 24.03.2026 27.08.2025 Books